01572nam a2200277 a 4500001001000000005001700010008004100027041000800068044000700076084002200083100004500105245012600150260004900276300002200325500033300347500007600680500020600756500001000962546002500972650005200997650005601049650003401105650004501139700006001184740005001244BRCA_303320190320204058.0210109s1757----gw-a---###---#000-0#fre-u afre agw a342b.B3776c17571 aCervantes Saavedra, Miguel ded1547-161610aHistoire de L´Admirable Don Quichotte de la ManchecMiguel de Cervantes Saavedra ; Traduite par Filleau de Saint-Martin. aFrancfortbJean-Francoise Bassompierrec1757 a6 v.bil.c15 cm. aContenido : v 1. Primera parte. Advertencia del traductor. Dedicatoria a D. Quijote. Advertencia del librero. Texto. -- v 2. Texto. -- v 3. Segunda parte. Texto. -- v 4. Texto. -- v 5. Primera parte de la continuación escrita por el traductor. Texto. -- v 6. Segunda parte de la continuación escrita por el traductor. Texto aEdición : Nouvelle Nouvé Edition Revueé Corrigeé et Augmentée aReproducción de la edición de 1750, publicada por los mismos editores. Las láminas son también las mismas, grabadas de nuevo por I. M. Eben. Piel; lomeras decoradas con dorados Lúdovik Osterc aQM268 aTexto en : francés14aNovela españolayÉpoca clásica, 1500-170014aLiteratura españolayÉpoca clásica, 1500-170014aNovela españolaySiglo XVII14aDon Quijote (Personaje ficticio)eNovela1 aSaint-Martin, Francois Filleau ded1632-1695eTraductor0 aEl Ingenioso Hidalgo Don Quijote de la Mancha